• 首页
  • 本馆介绍
  • 公告通知
  • 最新文献
  • 馆藏检索
  • 电子资源
  • 读者导购
  • 参考咨询
  • 我的图书馆
  • 登录
  • 详细信息显示
  • 放入我的书架
  • 预约/预借图书
  • 作者相关作品
  • 分类相关作品
  • 丛书相关作品
  • 出版社相关作品

书目信息

  • 表格格式
  • 工作单格式
  • 卡片格式
题名:
空间经济学
    
 
作者: 藤田昌 著
分册:  
出版信息: 北京   中国人民大学出版社  2006
页数: 468页
开本: 23cm
丛书名:
单 册:
中图分类: F091.3 , F207
科图分类:
主题词: 现代资产阶级经济学 , 现代资产阶级经济学--高等学校--教材 , 国民经济--经济管理
电子资源:
ISBN: 7-300-06730-1
000 00986nam0 2200289 450
000 01018nam0 2200289 450
000 00949nam0 2200265 450
000 00913nam0 2200253 45
005 20070725154929.62
010    @a7-300-06730-1@dCNY55.00
100    @a20070424d2006 em y0chiy0120 ea
101 0  @achi
102    @aCN@b110000
105    @ay z 000yy
200 1  @a空间经济学@Akong jian jing ji xue@ECai Se Ban@f藤田昌等著@Fteng tian chang deng zhu
210    @a北京@c中国人民大学出版社@d2006
215    @a468页@d23cm
300    @a21世纪经济学系列教材/杜厚文,林岗主编普通高等教育“十五”国家级规划教材
330    @a本书共分23章,系统地讲述了微观经济学理论、宏观经济学理论、西方主要经济学理论。
606 0  @a现代资产阶级经济学
606 0  @a现代资产阶级经济学@x高等学校@j教材
606 0  @a国民经济@x经济管理
690    @aF091.3@v4
690    @aF207@v3
701  0 @a藤田昌@Ateng tian chang@f(1921~)@4著
801  0 @aCN@bTAOJIN@c20070725
905    @a10447@dF207@e74
    
    空间经济学/藤田昌等著.-北京:中国人民大学出版社,2006
    468页;23cm
    21世纪经济学系列教材/杜厚文,林岗主编普通高等教育“十五”国家级规划教材
    
    ISBN 7-300-06730-1:CNY55.00
    本书共分23章,系统地讲述了微观经济学理论、宏观经济学理论、西方主要经济学理论。
●
相关链接 在E读中查询图书 在五车中查询图书 在当当中查询图书 在豆瓣中查询图书


正题名:空间经济学     索取号:F207/74         预约/预借

序号 登录号 条形码 馆藏地/架位号 状态 备注
1 0825717   208257170   第一样本阅览室/ [索取号:F207/74] 在馆    
2 0825718   208257189   第一借阅区/ [索取号:F207/74] 在馆    
3 0825719   208257198   第一借阅区/ [索取号:F207/74] 在馆    
4 0825720   208257205   第一借阅区/ [索取号:F207/74] 在馆    
5 0825721   208257214   第一借阅区/ [索取号:F207/74] 在馆    
6 0825722   208257223   第一借阅区/ [索取号:F207/74] 在馆    
7 0825723   208257232   第一借阅区/ [索取号:F207/74] 在馆    
8 0825724   208257241   第一借阅区/ [索取号:F207/74] 在馆    
唐山师范学院图书馆 欢迎您!
大连网信软件有限公司© 版权所有